| 000 | 00535ntaaa2200205 4500 | ||
|---|---|---|---|
| 003 | 01 | ||
| 005 | 20251027203144.0 | ||
| 008 | 0714s1973 ag 01 | ||
| 020 | _a9879403398 | ||
| 040 |
_aAR-BaBN _bspa _cAR-BaBN _eaacr _dRIC |
||
| 082 | _a222.1500 Sa5d | ||
| 100 | _aSanchez, Edesio | ||
| 245 | _aDeuteronomio | ||
| 250 | _a1 ed. | ||
| 260 |
_aBuenos Aires : _bKairos, _c2002 |
||
| 300 |
_a512 p ; _c21 cm |
||
| 500 | _aContiene nota y referencaia bibliografica y bibliografia | ||
| 650 | _aBiblia-A.T.-Deuteronomio | ||
| 942 | _cBK | ||
| 999 |
_c26990 _d26990 |
||